Statistiques concernant Séries TV - ANTONYMES

Cliquez ici pour prendre le quiz!

Statistiques générales

  • Ce quiz a été pris 1 718 fois
  • Le résultat moyen est 15 sur 47

Statistiques - réponses

AntonymeSérie% Correct
Sur la pluieSous le soleil
79%
Le grand loft dans le bitumeLa petite maison dans la prairie
74%
The bad husbandThe good wife
70%
Mon moldu détestéMa sorcière bien aimée
66%
EnemiesFriends
64%
Abruti, j'ai agrandi les vieuxChérie, j'ai rétréci les gosses
62%
Found: les retrouvésLost: les disparus
58%
Foncé de soleilClair de lune
53%
Sad nightsHappy days
53%
Les BarytonLes Soprano
52%
La femme qui ne rapportait pas deux kopecksL'homme qui valait trois milliards
47%
Méchamment tienAmicalement vôtre
44%
Roch Voisine et les fillesHélène et les garçons
44%
Le Nutella et les guêpesLe miel et les abeilles
44%
MoustachamamanBarbapapa
43%
Dernières claquesPremiers baisers
43%
Frèrejacques.frSoeurthérèse.com
43%
Béret basque et tongues en plastiquesChapeau melon et bottes de cuir
42%
Les débutantsLes experts
40%
Les mecs du bout du mondeLes filles d'à côté
38%
Building goodBreaking bad
37%
Neuf mains dans les airsSix pieds sous terre
36%
Saint-Denis 93200Beverly Hills 90210
32%
Contre la haine du calmePour l'amour du risque
31%
12 Fall Boulevard21 Jump Street
27%
A l'appartement coloréA la maison blanche
26%
Tués par le claironSauvés par le gong
26%
Marabout King, homme charlatanDocteur Quinn, femme médecin
24%
Les Elastiquier, avocat et truandLes Cordier, juge et flic
24%
La femme qui s'envole à creuxL'homme qui tombe à pic
24%
FloridabstinenceCalifornication
22%
Corps bienfaiteursEsprits criminels
19%
FarinosNarcos
19%
Plaine estCôte ouest
16%
Sergent FlotCapitaine Flam
15%
La femme voyanteL'homme invisible
14%
Marie-Antoinette la supéretteLouis la brocante
13%
Les fondantesLes craquantes
12%
Le matou vertLa panthère rose
9%
La fuyardeLe prisonnier
9%
Old lambTeen wolf
9%
Y'a pas le feu au lacUrgences
9%
DisgustedCharmed
6%
RinastérixRintintin
6%
L'âne rougeL'étalon noir
5%
Au centre de l'intoxAux frontières du réel
4%
Shilling beautifulPenny dreadful
2%

Distribution des résultats

Percentile par nombre de réponses

% des personnes avec chaque résultat

Votre développement - résultats

Vous n’avez pas pris ce quiz